| 000 | 01041njm a22003017a 4500 | ||
|---|---|---|---|
| 005 | 20100914152621.0 | ||
| 007 | sd ammalaaahaa | ||
| 008 | 100913t xxu||||| |||| 00| 0 hin d | ||
| 028 |
_a6405636 _bPhilips |
||
| 035 | _aGR-03758 | ||
| 040 | _aSED/VEN | ||
| 100 |
_aVani Jai Ram _91184 |
||
| 245 |
_aMeera / _cby Vani Jairam; Music by Ravi Shankar ; Lyrics by Meerabai _h[sound recording] : |
||
| 246 | _aमीरा /वाणी जैराम द्वारा | ||
| 260 |
_aDum Dum India _bPhilips |
||
| 300 |
_a1 sound disc [Gramophone record] : _banalog, 33 1/3 rpm _c12.5 in. (LP) _fGramophone Record |
||
| 500 | _aBrief Record | ||
| 500 | _aRecord label :Philips, Blue | ||
| 505 | _aSide-1 Mere to giridhar gopal Side 2 Badal dekhk dari | ||
| 600 |
_aVani Jiaram _919992 |
||
| 650 |
_aBhajan _xExcerpts _zIndia _919603 |
||
| 650 | _920739 | ||
| 700 | _919604 | ||
| 700 | _919605 | ||
| 700 | _920751 | ||
| 942 |
_2ddc _cGR |
||
| 999 |
_c47055 _d47055 |
||